Villes traversées par l'autoroute A21 - la rocade minière - Statistiques

Statistiques générales
  • Ce quiz a été pris 18 fois
  • Le résultat moyen est 5 sur 6
Statistiques - réponses
ville population kilomètre % Correct
Lens 33 806 10
100%
Douai 39 529 32
88%
Hénin-Beaumont 25 879 19
88%
Liévin 29 610 4
81%
Denain (A2) 21 014 57
69%
Bully-les-Mines (A26) 12 221 0
38%
Aucun quiz correspondant
Distribution des résultats
% des personnes avec chaque résultat
Percentile par nombre de réponses
Votre historique - résultats
Vous n’avez pas pris ce quiz